Solidarity: the calendar
| Titel: | Solidarity: the calendar / Adam Borowski ; [translation Robert Oliwa] |
|---|---|
| Verfasser: | |
| Beteiligt: | |
| Ausgabe: | First edition. |
| Veröffentlicht: | Gdańsk : Institute of Solidarity Heritage, 2025 |
| Umfang: | 564, [4] Seiten ; 25 cm. |
| Format: | Buch |
| Sprache: | Englisch |
| Einheitssachtitel: | Kalendarium Solidarności |
| ISBN: | 9788397320147 ; 8397320148 |
alg: 53426826 001A $03019:13-10-25 001B $03025:05-02-26 $t09:29:29.000 001D $03019:13-10-25 001U $0utf8 001X $00 002@ $0Aau 002C $aText $btxt $2rdacontent 002D $aohne Hilfsmittel zu benutzen $bn $2rdamedia 002E $aBand $bnc $2rdacarrier 003@ $0534268269 004A $A978-83-973201-4-7 $f((oprawa twarda)) 004A $083-973201-4-8 006C $01519109180 $aOCoLC 007A $0534268269 $aHEB 010@ $aeng $cpol 010E $erda 011@ $a2025 $n2025 021A $aSolidarity: the calendar $hAdam Borowski ; [translation Robert Oliwa] 022A $aKalendarium Solidarności 028A $BVerfasser $4aut $8Borowski, Adam$Z1955- [Tp3] $9463744470 028C $BÜbersetzer $4trl $7 $8Oliwa, Robert [Tnu] $9404492541 032@ $aFirst edition. 033A $pGdańsk $nInstitute of Solidarity Heritage 034D $a564, [4] Seiten 034I $a25 cm. 044A $aNSZZ "Solidarność" (Labor organization) $S20 $vChronology $xHistory $N610 044A $aPoland $S#0 $vChronology $xPolitics and government $y1945-1980 $N651 044A $aPoland $S#0 $vChronology $xPolitics and government $y1980-1989 $N651 044A $aGovernment, Resistance to $S#0 $vChronology $xHistory $y20th century $zPoland $N650 044A $aKalendarium $2dbn $S#7 $N655 044K $#NSZZ "Solidarność" (Labor organization) $#Niezależny Samorządny Związek Zawodowy "Solidarność" $#"Solidarność" $#Solidarität Gewerkschaft $#Unabhängige Selbstverwaltete Gewerkschaft Solidarität $#USG Solidarität $#Independent Self-Governing Trade Union "Solidarity" $71089046-4 $8NSZZ "Solidarność" [Tb1] $9042279771 lok: 53426826 66 101B $013-10-25 $t11:31:22.000 101C $013-10-25 101U $0utf8 144Z/01 $aNSZZ "Solidarność" exp: 53426826 66 1 #EPN 201B/01 $013-10-25 $t11:33:25.000 201C/01 $013-10-25 201U/01 $0utf8 203@/01 $01319883397 208@/01 $a13-10-25 $bz 209A/01 $aGk Sol/Bo-3 $du $f000 $x00 209C/01 $a25/i667GV 247C/01 $8618123-5Darmstadt, Bibliothek des Deutschen Polen-Instituts $9102600902 lok: 53426826 78 exp: 53426826 78 1 #EPN 201B/01 $005-02-26 $t09:29:29.000 201C/01 $005-02-26 201U/01 $0utf8 203@/01 $01333539789 208@/01 $a05-02-26 $be 209A/01 $a/ $f000 $x00 209A/01 $ab*p $x01 220C/01 $apgar 244Z/01 $#Generalgouvernement Polen $#Polska $#Rzeczpospolita Polska $#Polska Rzeczpospolita Ludowa $#Poland $#Pologne $#République Polonaise $#Generalne Gubernatorstwo w Polsce $#Polish People's Republic $#Polska Rzeczpospolita Polen $#PRL $#RP $#Polen Generalgouvernement $#Polska Generalgouvernement $#Besetzte Polnische Gebiete $#Besetztes Gebiet in Polen $#Okupowane Polskie Obszary $#Obszary Okupowane w Polsce $#Volksrepublik Polen $#Polska Rosyjska $#Republic Polen $#Respublika Pol'ša $#Pol'skaja Narodnaja Respublika $#République de Pologne $#Polen Links der Weichsel $#Polska po Lewej Stronie Wisły $#Lenkija $#Polija $#Gubernija Carstva Pol'skago $#Republik Polen $74046496-9 $8--Tg1--Polen $x01 $9085129801 247C/01 $82080>Marburg/Lahn, Herder-Institut, Forschungsbibliothek, Bibliographieportal $9336309341
| LEADER | 00000cam a2200000 c 4500 | ||
|---|---|---|---|
| 001 | 534268269 | ||
| 003 | DE-603 | ||
| 005 | 20260205092929.0 | ||
| 007 | tu | ||
| 008 | 251013s2025 xx |||| | u00||u|eng c | ||
| 020 | |a 9788397320147 |c ((oprawa twarda)) | ||
| 020 | |a 8397320148 | ||
| 035 | |a (DE-599)HEB534268269 | ||
| 040 | |a DE-603 |b ger |c DE-603 |d DE-603 |e rda | ||
| 041 | |a eng |h pol | ||
| 100 | 1 | |a Borowski, Adam |d 1955- |e Verfasser |4 aut |0 (DE-603)463744470 |0 (DE-588)1209506904 |2 gnd | |
| 240 | 1 | 0 | |a Kalendarium Solidarności |
| 245 | 0 | 0 | |a Solidarity: the calendar |c Adam Borowski ; [translation Robert Oliwa] |
| 250 | |a First edition. | ||
| 264 | 1 | |a Gdańsk |b Institute of Solidarity Heritage |c 2025 | |
| 300 | |a 564, [4] Seiten |c 25 cm. | ||
| 336 | |a Text |b txt |2 rdacontent | ||
| 337 | |a ohne Hilfsmittel zu benutzen |b n |2 rdamedia | ||
| 338 | |a Band |b nc |2 rdacarrier | ||
| 610 | 1 | 7 | |a NSZZ "Solidarność" |2 gnd |0 (DE-588)1089046-4 |0 (DE-603)042279771 |
| 700 | 1 | |a Oliwa, Robert |e Übersetzer |4 trl |0 (DE-603)404492541 | |
| 924 | 0 | |9 Ds 123 |a (DE-603)1319883397 |b DE-Ds123 |c HES |d d |g Gk Sol/Bo-3 | |
| 924 | 0 | |9 2080 |a (DE-603)1333539789 |b DE-2080 |c HES |d d |g / | |


